[Event "Nichelino op 17th"]
[Site "Nichelino"]
[Date "2016.10.07"]
[Round "1"]
[White "Barcellona, Antonino"]
[Black "D'Ingiullo, Roberto"]
[Result "0-1"]
[WhiteElo "1683"]
[BlackElo "2060"]
[PlyCount "104"]
[EventDate "2016.10.07"]
[EventType "swiss"]
[EventRounds "5"]
[EventCountry "ITA"]
[SourceTitle "EXT 2018"]
[Source "ChessBase"]
[SourceDate "2017.10.13"]
[SourceVersion "1"]
[SourceVersionDate "2017.10.13"]
[SourceQuality "1"]

1. d4 Nf6 2. c4 Nc6 3. Nc3 e5 4. d5 Ne7 5. e4 Ng6 6. Nf3 Bc5 7. Be2 d6 8. Na4 Nxe4 9. Nxc5 Nxc5 10. b4 Ne4 11. 0-0 Nc3 12. Qc2 Nxe2+ 13. Qxe2 0-0 14. Rd1 Bg4 15. h3 Bxf3 16. Qxf3 f5 17. c5 Qh4 18. Kh2 e4 19. Qe2 Ne5 20. g3 Qe7 21. Be3 b6 22. Rac1 Nd3 23. cxd6 cxd6 24. Rc4 Rac8 25. Rxc8 Rxc8 26. Bxb6 Qb7 27. Bxa7 Ra8 28. Be3 Qxd5 29. Qh5 g6 30. Qg5 Qe5 31. b5 Qxb5 32. Bd4 Ne5 33. Qe7 Qd7 34. Qxd7 Nxd7 35. Be3 Ra6 36. Bf4 Ne5 37. Kg2 Nd3 38. Rd2 Nxf4+ 39. gxf4 Kf7 40. h4 Ke6 41. Rc2 d5 42. Rc7 d4 43. Rxh7 d3 44. h5 d2 45. Rh6 d1Q 46. Rxg6+ Kf7 47. Rxa6 Qf3+ 48. Kg1 Qxh5 49. a4 Qg4+ 50. Kf1 Qxf4 51. Ra7+ Ke6 52. a5 e3 0-1

[Event "Nichelino Berruto Memorial 19th"]
[Site "Nichelino"]
[Date "2016.03.18"]
[Round "6"]
[White "Barcellona, Antonino"]
[Black "Coqueraut, Lodewyk"]
[Result "0-1"]
[WhiteElo "1691"]
[BlackElo "1652"]
[PlyCount "72"]
[EventDate "2016.02.12"]
[EventType "swiss"]
[EventRounds "6"]
[EventCountry "ITA"]
[SourceTitle "EXT 2018"]
[Source "ChessBase"]
[SourceDate "2017.10.13"]
[SourceVersion "1"]
[SourceVersionDate "2017.10.13"]
[SourceQuality "1"]

1. d4 b6 2. e4 Bb7 3. Nc3 e6 4. Bd3 f5 5. Nf3 Bb4 6. exf5 Nf6 7. 0-0 Bxc3 8. bxc3 0-0 9. fxe6 dxe6 10. Ng5 Qd5 11. Nf3 Nbd7 12. Qe2 Rae8 13. Rd1 Ne4 14. c4 Qf5 15. Ba3 c5 16. d5 exd5 17. Bxe4 dxe4 18. Nh4 Qf6 19. Rxd7 Qxa1+ 20. Qf1 Qxf1+ 21. Kxf1 Ba6 22. g3 Bxc4+ 23. Ke1 Rf7 24. Rxf7 Kxf7 25. Nf5 Rd8 26. Bb2 g6 27. Nh6+ Ke6 28. a3 Bb5 29. Ng4 Ba4 30. c4 Rd1+ 31. Ke2 Rb1 32. Bh8 Rb3 33. Nf6 Rxa3 34. Nxh7 Bb3 35. Ke3 Kf7 36. h3 Bxc4+ 0-1

[Event "Nichelino op 16th"]
[Site "Nichelino"]
[Date "2015.10.04"]
[Round "5"]
[White "Barcellona, Antonino"]
[Black "Manco, David Jonatan"]
[Result "0-1"]
[WhiteElo "1716"]
[BlackElo "1892"]
[PlyCount "90"]
[EventDate "2015.10.02"]
[EventType "swiss"]
[EventRounds "5"]
[EventCountry "ITA"]
[SourceTitle "EXT 2018"]
[Source "ChessBase"]
[SourceDate "2017.10.13"]
[SourceVersion "1"]
[SourceVersionDate "2017.10.13"]
[SourceQuality "1"]

1. d4 d5 2. c4 e6 3. Nf3 Nf6 4. Bg5 Be7 5. e3 0-0 6. Nc3 c6 7. Be2 b6 8. cxd5 cxd5 9. 0-0 Nbd7 10. Rc1 Bb7 11. h3 Rc8 12. Bf4 Re8 13. Qb3 a6 14. Na4 b5 15. Nc3 Nb6 16. Qd1 Nc4 17. b3 Nd6 18. Bd3 Nde4 19. Ne2 Qa5 20. Bb1 Rxc1 21. Qxc1 Rc8 22. Qd1 h6 23. Ne5 Nd2 24. Re1 Bb4 25. Nd3 Nxb1 26. Nxb4 Na3 27. Nd3 Nc2 28. Nc5 Rxc5 29. dxc5 Qxe1+ 30. Qxe1 Nxe1 31. Nc1 Ne4 32. b4 Nc2 33. Nd3 Nc3 34. a3 Ne2+ 35. Kh2 Nxf4 36. Nxf4 Nxa3 37. Nd3 Nc4 38. Kg3 f6 39. f4 Nxe3 40. Kf3 d4+ 41. Ke2 Bxg2 42. Nc1 Kf7 43. Kd3 e5 44. fxe5 fxe5 45. Nb3 Nc4 0-1

[Event "Nichelino op 16th"]
[Site "Nichelino"]
[Date "2015.10.04"]
[Round "4"]
[White "Lieggi, Daniele"]
[Black "Barcellona, Antonino"]
[Result "1-0"]
[WhiteElo "1778"]
[BlackElo "1716"]
[PlyCount "61"]
[EventDate "2015.10.02"]
[EventType "swiss"]
[EventRounds "5"]
[EventCountry "ITA"]
[SourceTitle "EXT 2018"]
[Source "ChessBase"]
[SourceDate "2017.10.13"]
[SourceVersion "1"]
[SourceVersionDate "2017.10.13"]
[SourceQuality "1"]

1. e4 d6 2. d4 g6 3. Nc3 Bg7 4. Nf3 Bg4 5. Be2 Nc6 6. Be3 Nf6 7. h3 Bxf3 8. Bxf3 e5 9. d5 Nb8 10. Qd2 Nbd7 11. 0-0-0 Nb6 12. Be2 a5 13. Bh6 0-0 14. h4 a4 15. h5 Qe7 16. hxg6 fxg6 17. Bxg7 Qxg7 18. Rh2 Nbd7 19. Rdh1 Nc5 20. f3 Nh5 21. g4 Nf6 22. g5 Nh5 23. Nd1 Nd7 24. Ne3 Rf7 25. Ng4 Kf8 26. Bb5 Ke7 27. Bxd7 Kxd7 28. Qb4 b6 29. Qb5+ Kd8 30. Nf6 Ra5 31. Qe8# 1-0

[Event "Nichelino op 16th"]
[Site "Nichelino"]
[Date "2015.10.03"]
[Round "3"]
[White "Barcellona, Antonino"]
[Black "D'Agostino, Maurizio"]
[Result "0-1"]
[WhiteElo "1716"]
[BlackElo "1967"]
[PlyCount "94"]
[EventDate "2015.10.02"]
[EventType "swiss"]
[EventRounds "5"]
[EventCountry "ITA"]
[SourceTitle "EXT 2018"]
[Source "ChessBase"]
[SourceDate "2017.10.13"]
[SourceVersion "1"]
[SourceVersionDate "2017.10.13"]
[SourceQuality "1"]

1. d4 e6 2. c4 f5 3. Nf3 Nf6 4. Nc3 Be7 5. Bg5 Ne4 6. Bxe7 Qxe7 7. Nxe4 fxe4 8. Nd2 d5 9. e3 0-0 10. Be2 Nd7 11. 0-0 c6 12. f3 exf3 13. Nxf3 b6 14. Bd3 e5 15. dxe5 Nxe5 16. cxd5 Bg4 17. Be2 Nxf3+ 18. Bxf3 Qxe3+ 19. Kh1 Bxf3 20. Rxf3 Rxf3 21. Qxf3 Qxf3 22. gxf3 cxd5 23. Rd1 Rd8 24. Kg2 Kf7 25. Kf2 Ke6 26. Ke3 Kd6 27. Kd4 Rc8 28. Rd2 Rf8 29. Rf2 g6 30. a3 Rf4+ 31. Ke3 Rh4 32. Rg2 d4+ 33. Kf2 Rh5 34. f4 Rh3 35. Ke2 d3+ 36. Kd2 Rf3 37. Rg4 Ke6 38. Rh4 h5 39. f5+ Kxf5 40. Rd4 Rf2+ 41. Kxd3 Rxb2 42. a4 Rxh2 43. Rd7 Rh3+ 44. Kc4 a5 45. Rd6 Rh4+ 46. Kb3 Rb4+ 47. Ka3 g5 0-1

[Event "Nichelino Weekend 15th"]
[Site "Nichelino"]
[Date "2014.10.04"]
[Round "2"]
[White "Frigieri, Fabrizio"]
[Black "Barcellona, Antonino"]
[Result "1-0"]
[WhiteElo "2171"]
[BlackElo "1757"]
[PlyCount "47"]
[EventDate "2014.10.03"]
[EventType "swiss"]
[EventRounds "4"]
[EventCountry "ITA"]
[SourceTitle "EXT 2024"]
[Source "ChessBase"]
[SourceDate "2023.10.10"]
[SourceVersion "1"]
[SourceVersionDate "2023.10.10"]
[SourceQuality "1"]

1. e4 d6 2. d4 g6 3. Be3 Bg7 4. Qd2 Nf6 5. f3 c6 6. Nc3 b5 7. 0-0-0 Qa5 8. Kb1 b4 9. Nce2 c5 10. dxc5 dxc5 11. Bxc5 Be6 12. Nc1 Nc6 13. Qf2 Nd7 14. Be3 Bxb2 15. Kxb2 Qa3+ 16. Kb1 Nb6 17. Bb5 Rc8 18. Bxb6 axb6 19. Qxb6 0-0 20. Bxc6 Ra8 21. Bxa8 Rxa8 22. Rd8+ Rxd8 23. Qxd8+ Kg7 24. Qxe7 1-0

[Event "Nichelino op 12th"]
[Site "Nichelino"]
[Date "2011.10.07"]
[Round "2"]
[White "Barcellona, Antonino"]
[Black "Lombardi, Mariano"]
[Result "0-1"]
[WhiteElo "1839"]
[BlackElo "2061"]
[PlyCount "44"]
[EventDate "2011.10.06"]
[EventType "swiss"]
[EventRounds "6"]
[EventCountry "ITA"]
[SourceTitle "EXT 2023"]
[Source "ChessBase"]
[SourceDate "2022.10.05"]
[SourceVersion "1"]
[SourceVersionDate "2022.10.05"]
[SourceQuality "1"]

1. e4 Nf6 2. e5 Nd5 3. c4 Nb6 4. d4 d5 5. exd6 cxd6 6. Nf3 g6 7. Be2 Bg7 8. 0-0 0-0 9. b3 Nc6 10. Bb2 d5 11. c5 Nd7 12. Nbd2 Nxc5 13. Ba3 Ne6 14. Re1 Nexd4 15. Nxd4 Bxd4 16. Rc1 Qa5 17. Rxc6 bxc6 18. Bxe7 Re8 19. b4 Qb6 20. Bh4 Qxb4 21. Nb3 Bc3 22. Rf1 Qxh4 0-1

[Event "Nichelino op 11th"]
[Site "Nichelino"]
[Date "2010.10.02"]
[Round "3"]
[White "Barcellona, Antonino"]
[Black "Pesiri, Rossano"]
[Result "0-1"]
[WhiteElo "1793"]
[BlackElo "1960"]
[PlyCount "34"]
[EventDate "2010.09.30"]
[EventType "swiss"]
[EventRounds "6"]
[EventCountry "ITA"]
[SourceTitle "EXT 2024"]
[Source "ChessBase"]
[SourceDate "2023.10.10"]
[SourceVersion "1"]
[SourceVersionDate "2023.10.10"]
[SourceQuality "1"]

1. d4 d5 2. c4 c6 3. Bf4 Nf6 4. e3 Bf5 5. cxd5 Nxd5 6. Bg3 Qb6 7. Qd2 e6 8. Nc3 Nxc3 9. bxc3 Ba3 10. Bc4 Qb2 11. Rd1 Bc2 12. Bd6 Bxd1 13. Bxa3 Qxa3 14. Qxd1 Qxc3+ 15. Qd2 Qxc4 16. Nf3 Na6 17. Ne5 Qb4 0-1

[Event "Nichelino op"]
[Site "Nichelino"]
[Date "2008.10.04"]
[Round "5"]
[White "Barcellona, Antonino"]
[Black "Finocchiaro, Gianluca"]
[Result "0-1"]
[WhiteElo "1498"]
[BlackElo "2026"]
[PlyCount "80"]
[EventDate "2008.10.02"]
[EventType "swiss"]
[EventRounds "6"]
[EventCountry "ITA"]
[SourceTitle "CBM 126 Extra"]
[Source "ChessBase"]
[SourceDate "2008.11.05"]
[SourceVersion "1"]
[SourceVersionDate "2008.11.05"]
[SourceQuality "1"]

1. e4 d6 2. d4 Nf6 3. Bd3 e5 4. c3 d5 5. dxe5 Nxe4 6. Bxe4 dxe4 7. Qxd8+ Kxd8 8. Ne2 Nd7 9. Ng3 Nxe5 10. Nxe4 Nd3+ 11. Ke2 Nxc1+ 12. Rxc1 Be6 13. Nbd2 Be7 14. Nf3 Bc4+ 15. Ke1 c6 16. Rd1+ Kc7 17. Ned2 Ba6 18. Nd4 Rhe8 19. Ne4 Bd6 20. f3 Bxh2 21. Kf2 Bf4 22. g3 Be5 23. Nc5 Bc4 24. b3 Bd5 25. c4 Be6 26. Ncxe6+ fxe6 27. f4 Bf6 28. Rd2 Rad8 29. Rad1 e5 30. fxe5 Rxe5 31. Kf3 Rde8 32. Nc2 R8e7 33. Kf2 Bg5 34. Nd4 Be3+ 35. Kg2 Bxd2 36. Rxd2 a6 37. Kh3 g6 38. Nf3 Re2 39. Rd4 Rxa2 40. Ng5 h5 0-1

[Event "Nichelino op"]
[Site "Nichelino"]
[Date "2008.10.04"]
[Round "4"]
[White "D'Amato, Piergiorgio"]
[Black "Barcellona, Antonino"]
[Result "1-0"]
[WhiteElo "1925"]
[BlackElo "1498"]
[PlyCount "61"]
[EventDate "2008.10.02"]
[EventType "swiss"]
[EventRounds "6"]
[EventCountry "ITA"]
[SourceTitle "CBM 126 Extra"]
[Source "ChessBase"]
[SourceDate "2008.11.05"]
[SourceVersion "1"]
[SourceVersionDate "2008.11.05"]
[SourceQuality "1"]

1. e4 e5 2. Nf3 Nc6 3. d4 exd4 4. Nxd4 Qf6 5. Nxc6 Qxc6 6. Bd3 g6 7. Nc3 Bg7 8. Bd2 a6 9. 0-0 Ne7 10. Rb1 0-0 11. Qf3 b5 12. Nd5 Qd6 13. Qe3 Nxd5 14. exd5 Re8 15. Qxe8+ Bf8 16. Qe3 Bb7 17. Bc3 Bxd5 18. Qe5 Qxe5 19. Bxe5 d6 20. Bf6 Bxa2 21. Ra1 Bd5 22. Rfe1 c5 23. Be4 Bxe4 24. Rxe4 d5 25. Re2 b4 26. Rae1 Ra7 27. Re8 d4 28. Be7 Kg7 29. Bxf8+ Kf6 30. Bxc5 d3 31. Bxa7 1-0

[Event "Nichelino op"]
[Site "Nichelino"]
[Date "2008.10.04"]
[Round "3"]
[White "Gussone, Claudio"]
[Black "Barcellona, Antonino"]
[Result "0-1"]
[WhiteElo "1829"]
[BlackElo "1498"]
[PlyCount "104"]
[EventDate "2008.10.02"]
[EventType "swiss"]
[EventRounds "6"]
[EventCountry "ITA"]
[SourceTitle "CBM 126 Extra"]
[Source "ChessBase"]
[SourceDate "2008.11.05"]
[SourceVersion "1"]
[SourceVersionDate "2008.11.05"]
[SourceQuality "1"]

1. d4 d5 2. Nf3 Nf6 3. g3 c6 4. Bg2 e6 5. 0-0 Bd6 6. Nbd2 Nbd7 7. Re1 0-0 8. e4 dxe4 9. Ng5 h6 10. Ngxe4 Nxe4 11. Nxe4 Bc7 12. c3 Nf6 13. Nxf6+ Qxf6 14. Be4 Qe7 15. Qh5 Bd7 16. Bd2 Rae8 17. Re2 f5 18. Bg2 f4 19. Rae1 Qf6 20. Bxf4 Bxf4 21. gxf4 Qxf4 22. Be4 e5 23. Qg6 Qg4+ 24. Qxg4 Bxg4 25. Re3 Rf4 26. dxe5 Ref8 27. Bg6 Be6 28. R1e2 Rd8 29. f3 Kf8 30. Kg2 Ke7 31. b3 Rdf8 32. Kg3 Bd5 33. Bh5 b5 34. e6 R4f5 35. Bf7 g5 36. Rd2 Rf6 37. Red3 a6 38. c4 bxc4 39. bxc4 Bxe6 40. Bxe6 Kxe6 41. Rd6+ Ke5 42. c5 Rxf3+ 43. Kg4 R8f4+ 44. Kh5 Kf5 45. Kxh6 Rf2 46. Rxf2 Rxf2 47. Rxc6 Rxh2+ 48. Kg7 g4 49. Rxa6 g3 50. Rg6 Kf4 51. Kf7 Rxa2 52. Ke6 Ra6+ 0-1